<?xml version="1.0" encoding="UTF-8"?><?xml-stylesheet type="text/xsl" href="static/style.xsl"?><OAI-PMH xmlns="http://www.openarchives.org/OAI/2.0/" xmlns:xsi="http://www.w3.org/2001/XMLSchema-instance" xsi:schemaLocation="http://www.openarchives.org/OAI/2.0/ http://www.openarchives.org/OAI/2.0/OAI-PMH.xsd"><responseDate>2026-06-03T05:41:18Z</responseDate><request verb="GetRecord" identifier="oai:riuma.uma.es:10630/25705" metadataPrefix="marc">https://riuma.uma.es/rest/oai/request</request><GetRecord><record><header><identifier>oai:riuma.uma.es:10630/25705</identifier><datestamp>2026-02-03T11:51:07Z</datestamp><setSpec>com_10630_2254</setSpec><setSpec>col_10630_37959</setSpec></header><metadata><record xmlns="http://www.loc.gov/MARC21/slim" xmlns:dcterms="http://purl.org/dc/terms/" xmlns:doc="http://www.lyncode.com/xoai" xmlns:xsi="http://www.w3.org/2001/XMLSchema-instance" xsi:schemaLocation="http://www.loc.gov/MARC21/slim http://www.loc.gov/standards/marcxml/schema/MARC21slim.xsd">
   <leader>00925njm 22002777a 4500</leader>
   <datafield ind2=" " ind1=" " tag="042">
      <subfield code="a">dc</subfield>
   </datafield>
   <datafield ind2=" " ind1=" " tag="720">
      <subfield code="a">Valcarce-Ruiz, Lucía</subfield>
      <subfield code="e">author</subfield>
   </datafield>
   <datafield ind2=" " ind1=" " tag="720">
      <subfield code="a">Rosales Pérez, Ana María</subfield>
      <subfield code="e">author</subfield>
   </datafield>
   <datafield ind2=" " ind1=" " tag="720">
      <subfield code="a">Torroba García, Macarena</subfield>
      <subfield code="e">author</subfield>
   </datafield>
   <datafield ind2=" " ind1=" " tag="720">
      <subfield code="a">Ayala Jiménez, Germán</subfield>
      <subfield code="e">author</subfield>
   </datafield>
   <datafield ind2=" " ind1=" " tag="720">
      <subfield code="a">Delclós, Vanessa</subfield>
      <subfield code="e">author</subfield>
   </datafield>
   <datafield ind2=" " ind1=" " tag="260">
      <subfield code="c">2022</subfield>
   </datafield>
   <datafield ind2=" " ind1=" " tag="520">
      <subfield code="a">El turismo de cruceros representa un segmento importante del mercado turístico actual, con una actividad económica en crecimiento valorada en más de 150 mil millones de dólares en todo el mundo. Por su parte, los puertos de cruceros juegan un papel esencial en la economía de los destinos turísticos costeros porque reciben ingresos de los pasajeros y de las líneas de cruceros. No obstante, y a pesar de la importancia los puertos de cruceros dentro de la industria del turismo, son pocos los trabajos que han abordado el estudio de dichos puertos desde una perspectiva global, pues la mayoría de los estudios previos han focalizado en aspectos tales como la percepción y satisfacción de los cruceristas y residentes. El presente estudio propone una modelización mediante Sistemas Dinámicos (SD) que permite la gestión portuaria global a través de las variables con mayor impacto en el flujo de pasajeros. Además, el modelo establece las interrelaciones existentes entre las variables y permite simular el comportamiento del sistema en diferentes escenarios futuros. A tal fin, se han utilizado datos primarios provenientes de una encuesta realizada a pasajeros de cruceros que visitaron la ciudad de Málaga durante los años 2015-2019, y datos secundarios de fuentes institucionales. Los resultados indican que el flujo de pasajeros de cruceros está condicionado tanto por los efectos del COVID-19 como por los entornos turístico y macroeconómico.</subfield>
   </datafield>
   <datafield ind1="8" ind2=" " tag="024">
      <subfield code="a">https://hdl.handle.net/10630/25705</subfield>
   </datafield>
   <datafield tag="653" ind2=" " ind1=" ">
      <subfield code="a">Cruceros turísticos - Congresos</subfield>
   </datafield>
   <datafield ind2="0" ind1="0" tag="245">
      <subfield code="a">Dynamic Systems for Cruise Port Management</subfield>
   </datafield>
</record>
</metadata></record></GetRecord></OAI-PMH>